000 00963nam a22002171 4500
001 180099
003 ES-MaACL
005 20250909203512.0
008 120417s1946 sp |||| | spa d
080 _a821.134.2 Gracián, Baltasar 7 Héroe.07
100 1 _aRomera-Navarro, Miguel.
_999294
245 1 0 _aEstudio del autógrafo de "El Héroe" graciano
_b: (ortografía, correcciones y estilo) /
_cpor Miguel Romera-Navarro.
260 _aMadrid :
_bConsejo Superior de Investigaciones Científicas, Patronato "Menéndez y Pelayo", Instituto "Antonio de Nebrija",
_c1946 (
_fImp. S. Aguirre)
300 _a232 p., 1 h. de lám. facs. ;
_c26 cm.
490 1 _aAnejos de la "Revista de filología española" ;
_v34
600 1 4 _aGracián, Baltasar,
_d1601-1658
_959478
710 2 _aInstituto Antonio de Nebrija.
_94795
830 1 _aAnejos de la "Revista de filología española" ;
_v34
_9191161
852 4 _aES-MaACL
_jE-15382
999 _c180099
_d180099